Les villes les plus peuplées d'amérique du nord - Statistiques

Statistiques générales
  • Ce quiz a été pris 108 fois
  • Le résultat moyen est 27 sur 50
Statistiques - réponses
Rang Pays Population Villes % Correct
#2 États-unis 18 550 288 Los angeles
100%
#1 États-unis 23 632 722 NewYork
99%
#3 États-unis 12 796 874 Chicago
97%
#4 Canada 7 633 837 Toronto
94%
#11 États-unis 5 036 348 Washington
91%
#16 Canada 4 199 000 Montréal
89%
#14 États-unis 4 286 049 Miami
88%
#5 États-unis 7 566 008 San Francisco
86%
#10 États-unis 5 894 590 Boston
82%
#8 États-unis 6 315 324 Houston
81%
#6 États-unis 6 588 008 Philadelphie
80%
#7 États-unis 6 371 893 Dallas
77%
#9 États-unis - Canada 5 900 000 Détroit
77%
#25 Canada 2 116 581 Vancouver
77%
#17 États-unis 3 769 400 Seattle
75%
#13 États-unis-Mexique 4 688 762 San Diego
74%
#20 États-unis 2 685 584 Denver
70%
#28 États-Unis 1 952 820 Las Vegas
70%
#12 États-unis 4 716 321 Atlanta
67%
#15 États-unis 4 263 236 Phoenix
64%
#29 États-Unis 1 901 541 Orlando
59%
#23 États-unis 2 467 746 Portland
57%
#32 États-Unis 1 739 834 San Antonio
57%
#37 États-Unis 1 571 398 Austin
56%
#18 États-unis 3 162 872 Minneapolis
55%
#33 États-Unis 1 706 535 Indianapolis
53%
#27 États-Unis 1 980 692 Sacramento
53%
#47 États-Unis 1 214 124 Jacksonville
52%
#48 États-Unis 1 169 716 Memphis
52%
#22 États-unis 2 584 448 Tampa
51%
#34 États-Unis 1 658 157 Charlotte
49%
#21 États-unis 2 629 256 Saint-Louis
49%
#39 États-Unis 1 420 555 Salt Lake City
45%
#30 États-Unis 1 856 530 Kansas City
44%
#43 États-Unis 1 330 842 Nashville
42%
#19 États-unis 2 956 323 Cleveland
41%
#50 États-Unis 1 131 070 Oklahoma City
40%
#31 États-Unis 1 743 593 Milwaukee
34%
#26 États-unis 2 038 851 Cincinnati
33%
#41 États-Unis 1 342 639 Nouvelle-Orléans
32%
#24 États-unis 2 332 157 Pittsburgh
30%
#38 États-Unis-Canada 1 503 247 Buffalo
28%
#40 États-Unis 1 356 786 Raleigh
25%
#36 États-Unis 1 623 861 Columbus
24%
#46 États-Unis 1 225 384 Hartford
8%
#44 États-Unis 1 251 066 Providence
8%
#49 États-Unis 1 156 797 Grand Rapids
7%
#42 États-Unis 1 333 726 Greensboro
7%
#35 États-Unis 1 645 015 Newport
3%
#45 États-Unis 1 250 731 West Palm Beach
2%
Aucun quiz correspondant
Distribution des résultats
% des personnes avec chaque résultat
Percentile par nombre de réponses
Votre historique - résultats
Vous n’avez pas pris ce quiz